Statistics for Superbowl QBs who never won a Superbowl

Click here to take the quiz!

General Stats

  • This quiz has been taken 16 times
  • The average score is 20 of 31

Answer Stats

TeamQB% Correct
LARJared Goff
100%
CINJoe Burrow
100%
ATLMatt Ryan
100%
CARCam Newton
93%
SFFJimmy Garoppolo
93%
BUFJim Kelly
86%
SFFColin Kaepernick
79%
MIADan Marino
79%
PHIDonovan McNabb
79%
MINFran Tarkenton
79%
OAKRich Gannon
79%
TENSteve McNair
79%
NEPDrew Bledsoe
71%
CINKen Anderson
71%
NYGKerry Collins
71%
CINBoomer Esiason
64%
CARJake Delhomme
64%
SEAMatt Hasselbeck
64%
PITNeil O'Donnell
57%
CHIRex Grossman
57%
NEPTony Eason
57%
ATLChris Chandler
50%
DAL/DENCraig Morton
50%
BALEarl Morrall
50%
PHIRon Jaworski
50%
SDCStan Humphries
43%
OAKDaryle Lamonica
29%
WASBilly Kilmer
21%
MIADavid Woodley
21%
MINJoe Kapp
21%
LARVince Ferragamo
21%

Score Distribution

Percentile by Number Answered

Percent of People with Each Score

Your Score History

You have not taken this quiz